LEADER 01720aam a2200313 u 4500 001 000000015086 003 CaOOAMICUS 005 20070226105835.0 008 940513s1906 gw d u000 u ger u 035 $a10354696 040 $aBAV$bita$dIPA$dPUL(R) 041 0 $ager$alat 100 1 $aKrebs, Engelbert Gustav Hans,$d1881-$0(OLS)http://pul/name/13912 245 10$aMeister Dietrich (Theodoricus Teutonicus de Vriberg) :$bsein Leben, seine Werke, seine Wissenschaft /$cvon Engelbert Krebs. 260 $aMünster :$bAschendorff,$c1906. 300 $axii, 155, 230* p. :$bdiagr. ;$c24 cm 490 1 $aBeiträge zur Geschichte der Philosophie des Mittelalters.$aTexte und Untersuchungen ;$vBd. 5, Hft. 5-6 500 $a"Die Schriften Meister Dietrichs": p.[1*]-116* 500 $a"Fratris Theodorici Teutonici de Vribergh O.P., magistri in theologia tractatus duo De intellectu et intelligibili et De habitibus": p. [117*]-215*. 500 $aContiene indice. 504 $aBibliografia in nota. 600 04$aDietrich,$cvon Freiberg,$dca. 1250-ca. 1310.$0(OLS)http://pul/subject/10515 700 0 $aDietrich,$cvon Freiberg,$dca. 1250-ca. 1310.$0(OLS)http://pul/name/13913 830 0$aBeiträge zur Geschichte der Philosophie des Mittelalters.$pTexte und Untersuchungen ;$vBd. 5, Hft. 5-6.$0(OLS)http://pul/title/1793 850 $aPUL 852 $aPUL$W1$xDP2 Religione 2$y113$mTheol A2 5$j16767$nBK-PRI$qStampati altre collocazioni$B21148$CPULBib$Z2$F21148 $82 941 1 $a10 996 $6245$aMeister Dietrich (Theodoricus Teutonicus de Vriberg) :$bsein Leben, seine Werke, seine Wissenschaft$9(OLS)http://pul/title/21655 996 $6260$aMünster :$bAschendorff$9(OLS)http://pul/publisher/48290 LEADER 01727nam a2200313 a 4500 001 000000147344 003 CaOOAMICUS 005 20151113102116.0 008 151113s2015 it 001 udita r 020 $a978-88-7839-300-4* 032 $aLibriCat 040 $aPUL$bita 100 1 $aSalmic, Igor,$co.f.m.conv.,$d1979-$0(OLS)http://pul/name/87916 245 10$aAl di là di ogni pregiudizio :$bLe trattative per il concordato tra la Santa Sede e il regno dei Serbi Croati e Sloveni/Jugoslavia e la mancata ratifica (1922-1938) /$cIgor Salmic ; prefazione di Maja Marija Lovrencic Svetek, ambasciatore della Repubblica di Slovenia presso la Santa Sede. 260 $aRoma :$bGregorian & Biblical Press,$c©2015. 300 $a617 p. ;$c23 cm. 490 1 $aAnalecta Gregoriana ;$v323 500 $aSul front.: Premio Bellarmino 2014. 504 $aInclude riferimenti bibliografici ed indice. 610 14$aSanta Sede$xRelazioni diplomatiche$zSlovenia.$0(OLS)http://pul/subject/42641 700 1 $aLovrencic Svetek, Maja Marija.$0(OLS)http://pul/name/94208 830 0$aAnalecta Gregoriana ;$v323.$0(OLS)http://pul/title/183 850 $aPUL 852 $aPUL$W1$xSL Religione 2$y84$mTheol A1 323$j170295$qStampati Altre Collocazioni$B171074$CPULBib$Z2$F171074 $H126485 $81 941 1 $a10 996 $6020$a978-88-7839-300-4*$9(OLS)http://pul/number/158915 996 $6245$aAl di là di ogni pregiudizio :$bLe trattative per il concordato tra la Santa Sede e il regno dei Serbi Croati e Sloveni/Jugoslavia e la mancata ratifica (1922-1938)$9(OLS)http://pul/title/185987 996 $6260$aRoma :$bGregorian & Biblical Press$9(OLS)http://pul/publisher/81048